000
00239 a2200097 4500
001
31548
100
_a
Chema, Pervaiz Iqbal
245
_a
Pakistan's Defense Policy, 1947- 58
260
_a
Lahore
_b
Sang-e-Meel
_c
1998
090
_c
21403
_d
21403
942
_a
NUST-CAE
_c
M
_c
12674
999
_c
266621
_d
266621